书目信息 |
| 题名: |
目标中国
|
|
| 作者: | 恩道尔 著 ;戴健 , 顾秀林 , 朱宪超 译 | |
| 分册: | ||
| 出版信息: | 北京 中国民主法制出版社 2013.01 |
|
| 页数: | 220页 | |
| 开本: | 25cm | |
| 丛书名: | ||
| 单 册: | ||
| 中图分类: | D822.371.2 | |
| 科图分类: | ||
| 主题词: | 中美关系--研究 , 中美关系 | |
| 电子资源: | ||
| ISBN: | 978-7-5162-0194-7 | |
| 000 | 01090nam0 2200301 450 | |
| 001 | 010050040594 | |
| 005 | 20140609081718.46 | |
| 010 | @a978-7-5162-0194-7@dCNY39.00 | |
| 100 | @a20130108d2013 em y0chiy50 ea | |
| 101 | 1 | @achi@ceng |
| 102 | @aCN@b110000 | |
| 105 | @aab z 000yy | |
| 106 | @ar | |
| 200 | 1 | @a目标中国@9mu biao zhong guo@dTarget China@e华盛顿的“屠龙”战略@f(美)威廉·恩道尔著@g戴健,顾秀林,朱宪超译@zeng |
| 210 | @a北京@c中国民主法制出版社@d2013.01 | |
| 215 | @a220页@c图,地图@d25cm | |
| 330 | @a本书主要内容包括:货币战争:山雨欲来、石油战争:十面埋伏、想控制人,先抓粮食、健康战争:新式鸦片、军事战争:奥巴马的南海“中国轴”等。 | |
| 510 | 1 | @aTarget China@zeng |
| 517 | 1 | @a华盛顿的“屠龙”战略@9hua sheng dun de“tu long”zhan lue |
| 606 | 0 | @a中美关系@x研究 |
| 606 | 0 | @a中美关系 |
| 690 | @aD822.371.2@v5 | |
| 701 | 1 | @c(美)@a恩道尔@9en dao er@b威廉@4著 |
| 702 | 0 | @a戴健@9dai jian@4译 |
| 702 | 0 | @a顾秀林@9gu xiu lin@4译 |
| 702 | 0 | @a朱宪超@9zhu xian chao@4译 |
| 801 | 0 | @aCN@bRENTIAN@c20130108 |
| 905 | @b548432-34@dD822.371.2@e136@f3 | |
| 目标中国=Target China:华盛顿的“屠龙”战略/(美)威廉·恩道尔著/戴健,顾秀林,朱宪超译.-北京:中国民主法制出版社,2013.01 |
| 220页:图,地图;25cm |
| ISBN 978-7-5162-0194-7:CNY39.00 |
| 本书主要内容包括:货币战争:山雨欲来、石油战争:十面埋伏、想控制人,先抓粮食、健康战争:新式鸦片、军事战争:奥巴马的南海“中国轴”等。 |
| ● |
| 相关链接 |
|
|
|
|
正题名:目标中国
索取号:D822.371.2/136
 
预约/预借
| 序号 | 登录号 | 条形码 | 馆藏地/架位号 | 状态 | 备注 |
| 1 | 548432 | 205484322 | 第一样本阅览室/ [索取号:D822.371.2/136] | 在馆 | |
| 2 | 548433 | 205484331 | 第一借阅区/ [索取号:D822.371.2/136] | 在馆 | |
| 3 | 548434 | 205484340 | 第一借阅区/ [索取号:D822.371.2/136] | 在馆 |